000 01328nam a22003252a 4500
999 _c2914
_d2914
001 016446193
003 Uk
005 20230912081514.0
008 121122s2013 enk j 000 0 eng d
020 _a9780007517053 (pbk.)
020 _a000751705X (pbk.)
040 _aUK-WkNB
_beng
_cUK-WkNB
_dKH8
082 0 4 _a428 GOU
_223
100 1 _aGould, Mike
_c(Children's story writer)
_eauthor.
245 1 0 _aCambridge IGCSE English /
_cMike Gould [et al.]; Series edited by Julia Burchell.
250 _arevised edition
260 _aLondon :
_bCollins Educational :
_b[distributor] HarperCollins Distribution Services :
_b[distributor] HarperCollins Publishers Pty Ltd :
_b[distributor] HarperCollins New Zealand :
_b[distributor] Book Promotions :
_b[distributor] HarperCollins Publishers Inc,
_c2013.
300 _a319 pages :
_billustrations ;
_c27x19 cm.
336 _atext
_2rdacontent
337 _aunmediated
_2rdamedia
338 _avolume
_2rdacarrier
366 _b20130531
_cIP 20130531
_fAHACP046
_jGB
_kxxk
_mHarperCollins Distribution Services
_2UK-WkNB
500 _aPaperback.
651 _aEnglish language
_vGrammar and Vocabulary
700 1 _aBurchell, Julia,
_eseries editor.
700 1 _aDunn, Geraldine,
_eauthor.
700 1 _aEddy, Steve,
_eauthor.
700 1 _aBrindle, Keith,
_eauthor.
942 _2ddc
_cTR